Affirming Diversity (Record no. 27029)

MARC details
000 -LEADER
fixed length control field 00429nam a2200193Ia 4500
020 ## - INTERNATIONAL STANDARD BOOK NUMBER
ISBN 0-205-38692-X
050 ## - CALL MARK
Classification number LC1099.3.N54
100 ## - STATEMENT OF RESPONSIBILITY--MAIN AUTHOR NAME
Personal name Sonia Nieto
245 #0 - TITLE STATEMENT
Title Affirming Diversity
250 ## - EDITION / VOLUME STATEMENT
Edition / Volume statement Fourth Edition
260 ## - PUBLICATION, DISTRIBUTION, ETC. (IMPRINT)
Place of publication Boston
260 ## - PUBLICATION, DISTRIBUTION, ETC. (IMPRINT)
Name of publisher Pearson
260 ## - PUBLICATION, DISTRIBUTION, ETC. (IMPRINT)
Year of publication 1992
300 ## - PHYSICAL DESCRIPTION
Number of Pages 464 p
650 ## - SUBJECT ADDED ENTRY--TOPICAL TERM
Topical Term Educational
942 ## - ADDED ENTRY ELEMENTS (KOHA)
Koha item type Books
Holdings
Withdrawn status Lost status Source of classification or shelving scheme Damaged status Not for loan Permanent Location Current Location Date acquired Full call number Accession Number Price effective from Koha item type
    Library of Congress Classification     NILE UNIVERSITY OF NIGERIA - MAIN LIBRARY NILE UNIVERSITY OF NIGERIA - MAIN LIBRARY 04/23/2025 LC1099.3.N54 0005123 04/23/2025 Books